000 00759nam a2200253Ia 4500
001 Para_3432
003 CHAP
008 220125s1922 xx 000 0 und d
010 _a202009
020 _a(M/BAJA)
040 _cCHAP
082 _aPA-C 595.77 D5
100 _aDyar, Harrison G
_934793
245 _aThe mosquitoes of the United States /
_c By Harrison G. Dyar
500 _aSobretiro de: Proceedings U. S. National Museum 62: (2447): 1-119, 1922. Encuadernado con otros impresos similares
650 _aDípteros Mosquitos
_x E.U.A.
_9166980
901 _aPA-C 595.77 D5
902 _aM
905 _a0000001922 0000000000 00
910 _a1922
942 _cPARA
942 _cPARA
_d1
999 _c202009
_d202009